Statistics for World Capitals Closest to Nicosia - One Minute Sprint

Click here to take the quiz!

General Stats

  • This quiz has been taken 25 times
  • The average score is 12 of 20

Answer Stats

kmcapitalmiles% Correct
530Ankara330
96%
914Athens568
96%
605Cairo376
96%
244Beirut151
92%
417Jerusalem259
84%
430Amman267
80%
326Damascus202
76%
1205Sofia749
68%
1033Baghdad642
60%
1201Bucharest746
52%
1462Podgorica948
52%
1343Pristina835
52%
1283Skopje797
52%
1366Tirana849
52%
1235Tbilisi767
48%
1562Baku970
44%
1127Yerevan700
44%
1533Belgrade953
40%
1518Kuwait City943
28%
1370Chișinău851
12%

Score Distribution

Percentile by Number Answered

Percent of People with Each Score

Your Score History

You have not taken this quiz